| 000 | 01498cam a2200289 4500 | ||
|---|---|---|---|
| 001 | ABS64854 | ||
| 008 | 011212n2001 000 0 eng u | ||
| 035 | _a(Sirsi) u115976 | ||
| 100 | _aAtkinson, D | ||
| 245 | _aTalking about delays | ||
| 260 | _c2001 | ||
| 490 |
_aBuilding _v266(8207) 23 November 2001, 50-51(2) |
||
| 520 | _aExamines construction project delays and the issues surrounding the 'prevention principle', extension-of-time clauses and notice clauses. Ilustrates the conflict between the employers right to insist on notice and the contractors need to stop a party benefiting from its own breach of contract with reference to the Australian case "Gaymark Investments Pty Ltd v Walter Construction Group" and the Scottish case "City Inn Ltd v Shepherd Construction Ltd". Concludes that until the law is agreed in this area, notice and liquidated damages clauses should be written to give effect to the prevention principle and the impact of failure to give notice in the terms suggested in the contract. | ||
| 590 | _aABS | ||
| 650 | _aNOTICE CLAUSES | ||
| 650 | _aCONTRACTORS | ||
| 650 | _aCONSTRUCTION PROJECTS | ||
| 650 | _aPREVENTION | ||
| 650 | _aGAYMARK INVESTMENTS PTY LTD V WALTER CONSTRUCTION GROUP PTY LTD | ||
| 650 | _aCITY INN LTD V SHEPHERD CONSTRUCTION LTD | ||
| 650 | _aJCT80 | ||
| 650 | _aEXTENSION OF TIME | ||
| 650 | _aDELAYS | ||
| 650 |
_aFACILITIES MANAGEMENT _96240 |
||
| 690 | _aBUILT ENVIRONMENT-BUILDING CONTRACT FORMS | ||
| 942 | _n0 | ||
| 999 |
_c69094 _d69094 |
||